000 00807nac a22002777a 4500
001 BR0401170
003 BR-BrBNA
005 20240105122945.0
008 230509b bl.|||m| |||| 00| 0 por d
040 _aBR-BrBNA
_bpor
_cBiblioteca Nacional de Agricultura
072 _aH20
090 _a0336 BR0401170
100 1 _aSosa-Gómez, D.R.
100 1 _aSilva, J.J. da
110 1 _aEMBRAPA Soja, Londrina, PR (Brasil)
245 1 _aFungos entomopatogênicos: catálogo de isolados
260 3 _aLondrina, PR (Brasil):
_c2002.
300 _a32 p.
490 _aDocumentos - EMBRAPA Soja (Brazil)
_vno. 188
_xISSN 1516-781X
650 _aSOJA
650 _aTRIGO
650 _aFUNGO
650 _aCONTROLE BIOLÓGICO
909 _a202312
_bLúcia Elande
_c55
_dLúcia Elande
942 _2AGRIS
_n0
_cMS
999 _c293450
_d293450